| 000 | 00404cam a2200145ua 4500 | ||
|---|---|---|---|
| 041 |
_aeng _h |
||
| 082 |
_a828.09 _bROB/PR |
||
| 100 | _aRobertson, D W . | ||
| 245 |
_aPreface to chaucer : Studies in medieval perspectives / _cD W Robertson. _hTextual Documents |
||
| 260 |
_aNew Jerscey : _bPrinceton University Press , _c1950. |
||
| 300 | _a602 ; . | ||
| 504 | _a | ||
| 942 | _cBK | ||
| 999 |
_c3567 _d3567 |
||